Reconocimiento geotécnico del terreno / (Registro nro. 1058)
[ vista simple ]
| 000 -LEADER | |
|---|---|
| fixed length control field | 01208nam a2200277Ia 4500 |
| 003 - CONTROL NUMBER IDENTIFIER | |
| control field | PE SENCICO BE |
| 005 - DATE AND TIME OF LATEST TRANSACTION | |
| control field | 20251020182457.0 |
| 008 - FIXED-LENGTH DATA ELEMENTS--GENERAL INFORMATION | |
| fixed length control field | 200515s9999 xx 000 0 und d |
| 020 ## - INTERNATIONAL STANDARD BOOK NUMBER | |
| International Standard Book Number | 978-84-8301-942-9 |
| 040 ## - CATALOGING SOURCE | |
| Original cataloging agency | PE SENCICO BE |
| Transcribing agency | PE SENCICO BE |
| 041 ## - LANGUAGE CODE | |
| Language code of text/sound track or separate title | spa |
| 082 ## - DEWEY DECIMAL CLASSIFICATION NUMBER | |
| Classification number | 624.1517 |
| Item number | S95 |
| 100 1# - MAIN ENTRY--PERSONAL NAME | |
| Personal name | Suriol, Josep |
| 9 (RLIN) | 1043 |
| Relator term | autor |
| 245 10 - TITLE STATEMENT | |
| Title | Reconocimiento geotécnico del terreno / |
| Statement of responsibility, etc. | Josep Suriol, Antoni Lloret, Alejandro Josa |
| 250 ## - EDITION STATEMENT | |
| Edition statement | 1a ed. |
| 260 ## - PUBLICATION, DISTRIBUTION, ETC. | |
| Place of publication, distribution, etc. | Barcelona : |
| Name of publisher, distributor, etc. | Edicions UPC, |
| Date of publication, distribution, etc. | 2007 |
| 300 ## - PHYSICAL DESCRIPTION | |
| Extent | 87 p. : |
| Other physical details | il., tbl., graf., |
| Dimensions | 29 cm. |
| 520 3# - SUMMARY, ETC. | |
| Summary, etc. | El presente texto trata de introducir al estudiante de Geotecnia a la problemática derivada del estudio del terreno como medio natural. Surge entonces la necesidad de transformar las propiedades del terreno en parámetros útiles al cálculo geotécnico. Los metodos de reconocimiento y los ensayos descritos tienen como objeto dar la solución a dicha problemática |
| 650 14 - SUBJECT ADDED ENTRY--TOPICAL TERM | |
| Topical term or geographic name entry element | Estudio de suelos |
| 9 (RLIN) | 155 |
| 650 24 - SUBJECT ADDED ENTRY--TOPICAL TERM | |
| Topical term or geographic name entry element | Permeabilidad del suelo |
| 9 (RLIN) | 1044 |
| 650 24 - SUBJECT ADDED ENTRY--TOPICAL TERM | |
| Topical term or geographic name entry element | Mecánica de rocas |
| 9 (RLIN) | 948 |
| 700 1# - ADDED ENTRY--PERSONAL NAME | |
| 9 (RLIN) | 1045 |
| Personal name | Lloret, Antoni |
| Relator term | autor |
| 700 1# - ADDED ENTRY--PERSONAL NAME | |
| 9 (RLIN) | 1046 |
| Personal name | Josa, Alejandro |
| Relator term | autor |
| 942 ## - ADDED ENTRY ELEMENTS (KOHA) | |
| Koha item type | Libros |
| Source of classification or shelving scheme | Dewey Decimal Classification |
| Fecha de la última vez que lo usaron | Pago total | Signatura topográfica completa | Código de barras | Precio efectivo desde | Tipo de documento | Estado perdido | Sistema de clasificación | Estado dañado | No es para préstamo | Retirado | Ubicación permanente | Ubicación actual | Fecha de adquisición | Número de ingreso o de inventario | Número de ejemplar |
|---|---|---|---|---|---|---|---|---|---|---|---|---|---|---|---|
| 15/05/2020 | 624.1517/S95 | Bib-Lima15051058 | 15/05/2020 | Libros | Dewey Decimal Classification | Biblioteca Central Lima | Biblioteca Central Lima | 15/05/2020 | |||||||
| 17/05/2023 | 624.1517/S95/ej. 2 | 17/05/2023 | Libros | Dewey Decimal Classification | Biblioteca Central Lima | Biblioteca Central Lima | 17/05/2023 | 16530 | ej. 2 |